|
|
|
|
| LEADER |
01672nam a2200349 a 4500 |
| 001 |
00022331 |
| 008 |
110420s1995 bg w 000 0 mul d |
| 040 |
|
|
|a BD-DhAAL
|c BD-DhAAL
|
| 041 |
|
|
|a Eng
|a Ben
|
| 082 |
0 |
0 |
|a 348.5492/046
|2 22
|
| 999 |
|
|
|c 10736
|d 10736
|
| 999 |
|
|
|c 10736
|
| 130 |
0 |
|
|a DLR
|9 4054
|
| 245 |
0 |
4 |
|a The Dhaka law reports :
|b a monthly law journal,
|c Founder editor, Obaidul Huq Chowdhury, Chief editor, A. Muntaquim Chaudhury, editor, Shahabuddin Ahmed,
|n volume no. 47
|
| 246 |
1 |
7 |
|a The Dhaka Law Reports.
|
| 260 |
|
|
|a Dhaka :
|b Dhaka Law Reports,
|c 1995
|
| 300 |
|
|
|a Various pagings :
|c 25 cm.
|
| 362 |
0 |
|
|a Vol.XLVII,1995
|
| 500 |
|
|
|a Cit. 47 DLR(AD);47 DLR etc.
|
| 500 |
|
|
|a "A journal of law reports."
|
| 500 |
|
|
|a Latest issue consulted: Vol.XLVII,January to December,1995
|
| 541 |
|
|
|e 00022331
|
| 590 |
|
|
|a Published yearly.
|
| 650 |
|
0 |
|a Law reports, digests, etc.
|z Bangladesh.
|9 4055
|
| 700 |
1 |
|
|a Chowdhury, Obaidul Haque.
|9 1137
|
| 700 |
1 |
|
|a Chaudhury, A. Muntaquim.
|9 4056
|
| 700 |
1 |
|
|a Ahmad, Shahabuddin.
|9 4057
|
| 852 |
4 |
|
|a Ayesha Abed Library
|j General shelf
|
| 942 |
|
|
|2 ddc
|c 1HOUR
|0 3
|
| 952 |
|
|
|0 0
|1 0
|2 ddc
|4 0
|6 348_549204600000000_DHA
|7 0
|8 REF
|9 16153
|a BRACUL
|b BRACUL
|c REF
|d 2011-04-20
|l 12
|o 348.5492046 DHA
|p 3010022331
|r 2015-11-07
|s 2015-11-07
|t 1
|w 2011-04-20
|y 1HOUR
|x Available
|
| 952 |
|
|
|0 0
|1 0
|2 ddc
|4 0
|6 348_549204600000000_DHA
|7 0
|8 REF
|9 23995
|a BRACUL
|b BRACUL
|c CIR
|d 2014-03-20
|l 0
|o 348.5492046 DHA
|p 3010020933
|r 2014-03-20
|t 2
|w 2014-03-20
|y 1HOUR
|
| 952 |
|
|
|0 0
|1 0
|2 ddc
|4 0
|6 348_549200000000000_046_DHA
|7 0
|8 REF
|9 54210
|a BRACUL
|b BRACUL
|c REF
|d 2015-06-09
|g 994.00
|l 5
|o 348.5492046 DHA
|p 3010029150
|r 2019-11-05
|s 2019-11-05
|t 3
|w 2015-06-09
|y 1HOUR
|